Countries of National Independence days In June - Statistics

General Stats
  • This quiz has been taken 16 times
  • The average score is 6 of 12
Answer Stats
How They Got Independence Hint Answer % Correct
Independence from Belgium June 30 Democratic Republic of the Congo
85%
Philippine Revolution against Spain, achieved self-rule from the United States June 12 Philippines
85%
Independence from Portugal June 25 Mozambique
77%
New Soviet Union June 12 Russia
69%
Independence from the UK June 29 Seychelles
54%
Independence from France June 26 Madagascar
46%
Independence from the European Union June 23 United Kingdom
46%
Independence from June 7 Norway
31%
Independence from the end of the Kalmar Union June 6 Sweden
31%
Independence from France June 27 Djibouti
23%
Foundation of republic in 1944. June 17 Iceland
15%
Independence From the UK June 4 Tonga
15%
No matching quizzes found
Score Distribution
Percent of People with Each Score
Percentile by Number Answered
Your Score History
You have not taken this quiz